| 000 | 00923nac a22002051u 4500 | ||
|---|---|---|---|
| 008 | 101221s1994 xxu||||| |||| 00| 0 ara d | ||
| 082 |
_a333.82 _bش م ع |
||
| 100 | 1 |
_aشمعه ، محمود على _921619 |
|
| 245 |
_aأنواع الطاقة وتحويلاتها / _cمحمود على شمعه |
||
| 260 |
_a[د . م] : _b[د . ن] ، _c1994. |
||
| 300 |
_a359 ص : _bايض ؛ _c24 سم. |
||
| 504 | _aيشتمل على ببليوجرافية ص 355 | ||
| 650 |
_aمصادر الطاقة _921376 |
||
| 650 |
_aالطاقة الشمسية _920254 |
||
| 650 |
_aالطاقة الكهربائية _917540 |
||
| 650 |
_aالطاقة النووية _921965 |
||
| 650 |
_aالطاقة النووية _921965 |
||
| 942 |
_cBB _k333.82 ش م ع _2ddc |
||
| 999 |
_c6515 _d6515 |
||